00576nam a2200157Ia 4500020001800000082002200018245003200040260005300072300001700125500015300142504001300295650003500308650002800343650002100371700002600392 a0-8103-8804-9 aRR 005.74025 GAL; 0aGale directory of databases aNew YorkbInternational Thomson Publishingc1995 axxix, 1401p. aContents: Vol.1.Online databases - v.2.CD-ROM, diskette, magnetic tape, handheld and batch access database products:July 1995(xxix, 1190p.)  aref.book aOnline databases - Directories aDatabases - Directories aComputer science aNolan, Kathleen Lopez